E.G. Brewster correspondence, (Record no. 44800)
[ view plain ]
| 000 -LEADER | |
|---|---|
| fixed length control field | 01208cpcaa2200301 a 4500 |
| 001 - CONTROL NUMBER | |
| control field | mm2009085481 |
| 003 - CONTROL NUMBER IDENTIFIER | |
| control field | DLC |
| 005 - DATE AND TIME OF LATEST TRANSACTION | |
| control field | 20260227111731.0 |
| 008 - FIXED-LENGTH DATA ELEMENTS--GENERAL INFORMATION | |
| fixed length control field | 090824|||||||||||| eng |
| 010 ## - LIBRARY OF CONGRESS CONTROL NUMBER | |
| LC control number | mm2009085481 |
| 040 ## - CATALOGING SOURCE | |
| Original cataloging agency | DLC |
| Description conventions | dacs |
| Transcribing agency | DLC |
| Modifying agency | DLC |
| 072 #7 - SUBJECT CATEGORY CODE | |
| Subject category code | W |
| Source | lcmd |
| 100 1# - MAIN ENTRY--PERSONAL NAME | |
| Personal name | Brewster, E. G., |
| Dates associated with a name | approximately 1836- |
| 245 00 - TITLE STATEMENT | |
| Title | E.G. Brewster correspondence, |
| Inclusive dates | 1861. |
| 300 ## - PHYSICAL DESCRIPTION | |
| Extent | 1 |
| Type of unit | item. |
| 520 8# - SUMMARY, ETC. | |
| Summary, etc. | ALS (1861 February 20; Oxford Furnace) written by Brewster discussing Abraham Lincoln, Grace Bedell, and Bedell's letter to Lincoln in which she recommends that he should grow whiskers. Also mentions transactions in the mercantile trade. |
| 506 0# - RESTRICTIONS ON ACCESS NOTE | |
| Terms governing access | Open to research. |
| 545 0# - BIOGRAPHICAL OR HISTORICAL DATA | |
| Biographical or historical data | Merchant of Oxford, N.J. |
| 546 ## - LANGUAGE NOTE | |
| Language note | Collection material in English. |
| 580 ## - LINKING ENTRY COMPLEXITY NOTE | |
| Linking entry complexity note | Forms part of: Miscellaneous Manuscripts collection. |
| 600 10 - SUBJECT ADDED ENTRY--PERSONAL NAME | |
| Personal name | Bedell, Grace, |
| Dates associated with a name | 1848-1936. |
| 600 10 - SUBJECT ADDED ENTRY--PERSONAL NAME | |
| Personal name | Lincoln, Abraham, |
| Dates associated with a name | 1809-1865. |
| 651 #0 - SUBJECT ADDED ENTRY--GEOGRAPHIC NAME | |
| Geographic name | New Jersey |
| General subdivision | Commerce. |
| 651 #0 - SUBJECT ADDED ENTRY--GEOGRAPHIC NAME | |
| Geographic name | Oxford (N.J.) |
| General subdivision | History. |
| 656 #7 - INDEX TERM--OCCUPATION | |
| Occupation | Merchants. |
| Source of term | itoamc |
No items available.